000 00661nam a22002177a 4500
003 UA-OsUOA
001 126439
007 ta
008 20171023b un ||||| |||| 00| 0 ukr d
100 _aЮдіна О.
090 _a82
_bЮ16
942 _cSA
040 _aUA-OsUOA
_bukr
_cUA-OsUOA
_dUA-OsUOA
245 _aУкраїнські народні думи. "Маруся Богуславка". Морально-етична проблематика твору (9 клас)
300 _aС.33-38
955 _a0
041 _aukr
080 _a82
773 0 _w126433
650 7 _a82 Література. Літературознавство
_2UDC
999 _c413627
_d413627